Dataset Open Access

Data Publication: Peptide development via Phage Surface Display for the detection of recycled polyurethane

Krause, Thomas; Techert, Gerda; Harter, Sonja Dorothea


MARC21 XML Export

<?xml version='1.0' encoding='UTF-8'?>
<record xmlns="http://www.loc.gov/MARC21/slim">
  <leader>00000nmm##2200000uu#4500</leader>
  <controlfield tag="005">20260428074655.0</controlfield>
  <datafield tag="024" ind1=" " ind2=" ">
    <subfield code="a">10.14278/rodare.4631</subfield>
    <subfield code="2">doi</subfield>
  </datafield>
  <datafield tag="856" ind1="4" ind2=" ">
    <subfield code="s">364298351</subfield>
    <subfield code="u">https://rodare.hzdr.de/record/4631/files/MIM_C10_Amplificate.fastq.gz</subfield>
    <subfield code="z">md5:c4b29f19987080fdd1d65fa652a72722</subfield>
  </datafield>
  <datafield tag="856" ind1="4" ind2=" ">
    <subfield code="s">436580752</subfield>
    <subfield code="u">https://rodare.hzdr.de/record/4631/files/MIM_C10_BP1_Trypsin-Elution.fastq.gz</subfield>
    <subfield code="z">md5:def397e40aad30710104cbd43f9c53f5</subfield>
  </datafield>
  <datafield tag="856" ind1="4" ind2=" ">
    <subfield code="s">401342122</subfield>
    <subfield code="u">https://rodare.hzdr.de/record/4631/files/MIM_C10_BP2_Trypsin-Elution.fastq.gz</subfield>
    <subfield code="z">md5:4ea08fcd5514e19a8adfd43b877d934a</subfield>
  </datafield>
  <datafield tag="856" ind1="4" ind2=" ">
    <subfield code="s">402843979</subfield>
    <subfield code="u">https://rodare.hzdr.de/record/4631/files/MIM_C10_BP3_Trypsin-Elution.fastq.gz</subfield>
    <subfield code="z">md5:4e4ed1bf71b53eed9de82a3d135c4d38</subfield>
  </datafield>
  <datafield tag="856" ind1="4" ind2=" ">
    <subfield code="s">213775751</subfield>
    <subfield code="u">https://rodare.hzdr.de/record/4631/files/MIM_C10_Naiv.fastq.gz</subfield>
    <subfield code="z">md5:510e8e44a94f2b492a542bdf02bb8d77</subfield>
  </datafield>
  <datafield tag="500" ind1=" " ind2=" ">
    <subfield code="a">This project has been funded through the research projects FINEST and PUreValue, supported by the Investment and Networking Fund of the Helmholtz Association [grant agreement numbers: KA2-HSC-10 and KA-HSC-13, respectively].</subfield>
  </datafield>
  <datafield tag="100" ind1=" " ind2=" ">
    <subfield code="a">Krause, Thomas</subfield>
    <subfield code="u">Helmholtz Institute Freiberg for Resource Technology, Department of Biotechnology</subfield>
    <subfield code="0">(orcid)0000-0002-3102-2769</subfield>
  </datafield>
  <datafield tag="909" ind1="C" ind2="O">
    <subfield code="o">oai:rodare.hzdr.de:4631</subfield>
    <subfield code="p">openaire_data</subfield>
    <subfield code="p">user-energy</subfield>
    <subfield code="p">user-fwg</subfield>
    <subfield code="p">user-rodare</subfield>
  </datafield>
  <datafield tag="980" ind1=" " ind2=" ">
    <subfield code="a">dataset</subfield>
  </datafield>
  <datafield tag="260" ind1=" " ind2=" ">
    <subfield code="c">2026-04-27</subfield>
  </datafield>
  <datafield tag="540" ind1=" " ind2=" ">
    <subfield code="u">https://creativecommons.org/licenses/by-nc-sa/4.0/legalcode</subfield>
    <subfield code="a">Creative Commons Attribution Non Commercial Share Alike 4.0 International</subfield>
  </datafield>
  <datafield tag="980" ind1=" " ind2=" ">
    <subfield code="a">user-energy</subfield>
  </datafield>
  <datafield tag="980" ind1=" " ind2=" ">
    <subfield code="a">user-fwg</subfield>
  </datafield>
  <datafield tag="980" ind1=" " ind2=" ">
    <subfield code="a">user-rodare</subfield>
  </datafield>
  <datafield tag="520" ind1=" " ind2=" ">
    <subfield code="a">&lt;p&gt;NGS data of the naive and amplified MIM-C10 phage library (Antibody Design Labs) and the elution fractions after each round of phage surface display of this library against recycled PU waste.&lt;/p&gt;</subfield>
  </datafield>
  <datafield tag="542" ind1=" " ind2=" ">
    <subfield code="l">open</subfield>
  </datafield>
  <datafield tag="653" ind1=" " ind2=" ">
    <subfield code="a">NGS</subfield>
  </datafield>
  <datafield tag="653" ind1=" " ind2=" ">
    <subfield code="a">Phage surface display</subfield>
  </datafield>
  <datafield tag="650" ind1="1" ind2="7">
    <subfield code="a">cc-by</subfield>
    <subfield code="2">opendefinition.org</subfield>
  </datafield>
  <datafield tag="773" ind1=" " ind2=" ">
    <subfield code="a">https://www.hzdr.de/publications/Publ-43316</subfield>
    <subfield code="i">isIdenticalTo</subfield>
    <subfield code="n">url</subfield>
  </datafield>
  <datafield tag="773" ind1=" " ind2=" ">
    <subfield code="a">10.14278/rodare.4630</subfield>
    <subfield code="i">isVersionOf</subfield>
    <subfield code="n">doi</subfield>
  </datafield>
  <controlfield tag="001">4631</controlfield>
  <datafield tag="245" ind1=" " ind2=" ">
    <subfield code="a">Data Publication: Peptide development via Phage Surface Display for the detection of recycled polyurethane</subfield>
  </datafield>
  <datafield tag="700" ind1=" " ind2=" ">
    <subfield code="a">Techert, Gerda</subfield>
    <subfield code="u">Helmholtz Institute Freiberg for Resource Technology, Department of Biotechnology</subfield>
    <subfield code="0">(orcid)0009-0004-3878-6237</subfield>
  </datafield>
  <datafield tag="700" ind1=" " ind2=" ">
    <subfield code="a">Harter, Sonja Dorothea</subfield>
  </datafield>
</record>
26
9
views
downloads
All versions This version
Views 2626
Downloads 99
Data volume 3.0 GB3.0 GB
Unique views 2424
Unique downloads 99

Share

Cite as